ბათუმის შოთა რუსთაველის სახელმწიფო უნივერსიტეტის ბიბლიოთეკა

ფესტოსის დისკო = Phaistos disc : (ბიბ.ჩანაწერი № 45439)

000 -ლიდერი
ფიქსირებული სიგრძის საკონტროლო ველი 02007nam a2200313Ia 4500
001 - საკონტროლო ნომერი
საკონტროლო ველი 12263
003 - საკონტროლო ნომრის იდენტიფიკატორი
საკონტროლო ველი GE_BSU
005 - ბოლო ოპერაციის თარიღი და დრო
საკონტროლო ველი 20240702114751.0
008 - ფიქსირებული სიგრძის მონაცემთა ელემენტები - ზოგადი ინფორმაცია
ფიქსირებული სიგრძის საკონტროლო ველი 181216s2012||||geo|||||||||||||| ||ge ||
040 ## - კატალოგიზაციის წყარო
Transcribing agency GE_BSU
041 ## - ენის კოდი
Language code of text/sound track or separate title geo
080 ## - უნივერსალური ათობითი კლასიფიკაციის ინდექსი
Universal Decimal Classification number 003.628+003.212+001.94+930.85 ვ-25
100 ## - მთავარი ჩანაწერი - პიროვნების სახელი
Personal name ვაშაკიძე, გიზო
9 (RLIN) 18781
245 ## - ცნობა სათაურის შესახებ
Title ფესტოსის დისკო = Phaistos disc :
Remainder of title გზავნილი გალაქტიკიდან /
Statement of responsibility, etc გიზო ვაშაკიძე ; რედ. გიორგი ბოჭორიშვილი ; თარგმანი ფარიზა ალბოროვა ; ფოტო დავით გოგუაძე.
264 ## - წარმოების, გამოცემის, დისტრიბუციის და სხვა ცნობები
გამოცემის, წარმოების, დისტრიბუციის... ადგილი თბილისი :
გამოცემის, წარმოების, დისტრიბუციის... სახელწოდება [?],
გამოცემის, წარმოების, დისტრიბუციის... თარიღი 2012.
300 ## - ფიზიკური აღწერა
Extent 75 გვ. :
Other physical details ილ. ;
Dimensions 29 სმ.
500 ## - ზოგადი შენიშვნა
General note თავფურ. ავტ. აღნიშნული არ არის
500 ## - ზოგადი შენიშვნა
General note ყდის პირველ გვერდზე : ფესტოსის დისკოს "ა" გვერდი
ყდის მეოთხე გვერდზე : ფესტოსის დისკოს "ბ" გვერდი
500 ## - ზოგადი შენიშვნა
General note დანართი : გვ. 73-74
501 ## - შენიშვნა თანმხლებ მასალაზე
With note ბიბლიოგრ. : გვ. 75
546 ## - LANGUAGE NOTE
Language note თავფურცელი და ტექსტი ქართულ და ინგლისურ ენებზე
653 ## - INDEX TERM--UNCONTROLLED
Uncontrolled term სამყაროს ამოუხსნელი მოვლენები
653 ## - INDEX TERM--UNCONTROLLED
Uncontrolled term ცივილიზაციის ისტორია
653 ## - INDEX TERM--UNCONTROLLED
Uncontrolled term წერის პიქტოგრაფიული სისტემები
700 ## - ADDED ENTRY--PERSONAL NAME
Personal name ბოჭორიშვილი, გიორგი
Relator term რედაქტორი
9 (RLIN) 22608
700 ## - ADDED ENTRY--PERSONAL NAME
Personal name ალბოროვა, ფარიზა
Relator term მთარგმნელი
9 (RLIN) 22645
700 ## - ADDED ENTRY--PERSONAL NAME
Personal name გოგუაძე, დავით
Relator term ფოტო.
9 (RLIN) 22646
942 ## - ADDED ENTRY ELEMENTS (KOHA)
Koha item type წიგნი
Source of classification or shelving scheme
ეგზემპლარები
ჩამოწერის სტატუსი დაკარგული ეგზემპლარის სტატუსი კლასიფიკაციის წყარო ან თაროზე გაწყობის სქემა დაზიანების სტატუსი არ გაიცემა მუდმივი მდებარეობა (დაცვის ადგილი) ამჟამინდელი ადგილსამყოფელი თაროზე განთავსების ადგილი შეძენის თარიღი სრული შენახვის შიფრი შტრიხკოდი ბოლო ოპერაციის თარიღი ეგზემპლარის მიმდევრობითი ნომერი (კეტერი?) ფასის ძალაში შესვლის თარიღი ეგზემპლარის სახეობა
          ბათუმის შოთა რუსთაველის სახელმწიფო უნივერსიტეტის მთავარი ბიბლიოთეკა ბათუმის შოთა რუსთაველის სახელმწიფო უნივერსიტეტის მთავარი ბიბლიოთეკა წიგნსაცავი 2018-12-17 003.628+003.212+001.94+930.85 ვ-25 27051 2018-12-17 27051 2018-12-17 წიგნი